Osnovy genetiki čeloveka /

Hlavní autor: Stern, Curt, 1902-1981
Další autoři: Četverikov, Nikolaj Sergejevič, 1895-1972, Janovskaja, Je. A., Ardašnikov, S. N., Èfroimson, Vladimir Pavlovič
Jazyk: Ruština
Vydáno: Moskva : Medicina, 1965
Témata:
Fyzický popis: 689 stran : ilustrace
Knihy
Uloženo v:
LEADER 01547nam a22004092i 4500
001 001761760
003 CZ BrMZK
005 20220519144058.0
007 ta
008 200805s1965 ru a er|||||||||||rus d
040 |a BOD002  |b cze  |d BOA001  |e rda 
041 1 |a rus  |h eng 
072 7 |a 612  |x Fyziologie člověka a srovnávací fyziologie  |2 Konspekt  |9 14 
080 |a 612.6.05  |2 MRF 
080 |a 612.6.051  |2 MRF 
080 |a (048.8)  |2 MRF 
100 1 |a Stern, Curt,  |d 1902-1981  |7 ola2003174985  |4 aut 
240 1 0 |a Principles of human genetics.  |l Rusky 
245 1 0 |a Osnovy genetiki čeloveka /  |c K. Štern ; sokraščennyj perevod s anglijskogo N.S. Četverikova i Je.A. Janovskoj ; pod obščej redakcijej S.N. Ardašnikova i V.P. Èfroimsona 
264 1 |a Moskva :  |b Medicina,  |c 1965 
300 |a 689 stran :  |b ilustrace 
336 |a text  |b txt  |2 rdacontent 
337 |a bez média  |b n  |2 rdamedia 
338 |a svazek  |b nc  |2 rdacarrier 
500 |a Přeloženo z angličtiny 
504 |a Obsahuje bibliografie a věcný rejstřík 
650 0 7 |a genetika člověka  |7 ph114611  |2 czenas 
650 0 7 |a dědičnost  |7 ph119692  |2 czenas 
655 7 |a monografie  |7 fd132842  |2 czenas 
700 1 |a Četverikov, Nikolaj Sergejevič,  |d 1895-1972  |7 xx0191735  |4 trl 
700 1 |a Janovskaja, Je. A.  |4 trl 
700 1 |a Ardašnikov, S. N.  |4 edt 
700 1 |a Èfroimson, Vladimir Pavlovič  |4 edt 
910 |a BOA001  |b 3-0552.124 
990 |a BK 
991 |b 202008 
996 7 |b 2618892247  |c 3-0552.124  |l MZK  |r Sklad / do 1 hodiny  |n 0  |w 001817446  |u 000010  |a 1  |e BOA001  |j MZK50  |s A